| 000 | 00622cam a22002053a 4500 | ||
|---|---|---|---|
| 001 | 38537 | ||
| 003 | PGUSA | ||
| 005 | 20140828083841.0 | ||
| 008 | 120109s2012||||xxu|||||s|||||000 | eng d | ||
| 040 |
_aPGUSA _beng |
||
| 042 | _adc | ||
| 100 | 1 |
_aAllies, T. W. _q(Thomas William), _d1813-1903 |
|
| 245 | 1 | 0 |
_aChurch and State as Seen in the Formation of Christendom _h[electronic resource] / _cT. W. Allies |
| 260 |
_bProject Gutenberg, _c2012 |
||
| 506 | _aPublic domain in the USA. | ||
| 516 | _aElectronic text | ||
| 830 | 0 |
_aProject Gutenberg _v38537 |
|
| 856 | 4 | 0 | _uhttp://www.gutenberg.org/ebooks/38537 |
| 942 | _cEB | ||
| 999 |
_c267791 _d267791 |
||